La Sagi : més alt, més lluny, més fort / més alt, més lluny, més fort /
ISBN:
9788418986611
Descripción Física:
52 pàgines no numerades : il·lustracions en color ; 25 cm
Colección:
Memòria dibuixada
; 4
Materias:
Martínez Sagi, Ana María, -- 1907-2000
; Martínez Sagi, Ana María, -- 1907-2000 -- Llibres per a infants
; Dones esportistes -- Catalunya -- Biografia -- Llibres per a infants.
; Contes infantils
Idioma:
Catalán
MARC
| LEADER | 00000nam a22000004i 4500 | ||
|---|---|---|---|
| 001 | 26260 | ||
| 005 | 20260324181130.0 | ||
| 008 | 211202e202112 spcaoh |||| 0|0 0bcat|c | ||
| 017 | |a DL B 1804-2022 |b Biblioteca de Catalunya | ||
| 020 | |a 9788418986611 | ||
| 080 | |a Bib-806 | ||
| 100 | 1 | |a Busquets, Gemma, |d 1975- |e autor |9 53876 | |
| 245 | 1 | 3 | |a La Sagi : |b més alt, més lluny, més fort / |c Gemma Busquets Ros, Genís Sinca, Tha |
| 264 | 1 | |a Barcelona : |b Memorial Democràtic, |c desembre 2021 | |
| 300 | |a 52 pàgines no numerades : |b il·lustracions en color ; |c 25 cm | ||
| 336 | |a text |b txt |2 rdacontent | ||
| 336 | |a imatge fixa |b sti |2 rdacontent | ||
| 337 | |a sense mediació |b n |2 rdamedia | ||
| 338 | |a volum |b nc |2 rdacarrier | ||
| 490 | 1 | |a Memòria dibuixada ; |v 4 | |
| 521 | 8 | |a Per a infants d'11 anys en endavant | |
| 546 | |a Text en català i anglès | ||
| 600 | 1 | 0 | |a Martínez Sagi, Ana María, |d 1907-2000 |2 cantic |9 53877 |
| 600 | 1 | 0 | |a Martínez Sagi, Ana María, |d 1907-2000 |v Llibres per a infants |2 lemac |9 53879 |
| 650 | 0 | |a Dones esportistes |z Catalunya |2 lemac |9 53878 |x Biografia |v Llibres per a infants. | |
| 655 | 0 | |a Contes infantils |9 67183 | |
| 700 | |a Sinca, Genís, |d 1970- |e autor |9 53881 | ||
| 700 | 1 | |a Tha, |d 1956- |e il·lustrador |9 53882 | |
| 700 | 1 | 2 | |i Contenidor de (expressió): |a Busquets, Gemma, |d 1975-. |t Sagi |9 53883 |
| 700 | 1 | 2 | |i Contenidor de (expressió): |a Busquets, Gemma, |d 1975-. |t Sagi |l Anglès |
| 710 | 2 | |a Memorial Democràtic (Catalunya) |e entitat editora |9 52410 | |
| 830 | 0 | |a Memòria dibuixada ; |v 4 | |
| 940 | |a BC | ||
| 942 | |2 udc |c ARXIU |n 1 | ||
| 952 | |0 0 |1 0 |4 0 |6 BIB807 |7 1 |9 62793 |a Arxiu |b Arxiu |d 2022-07-15 |l 0 |o Bib-807 |p 26260 |r 2022-07-15 00:00:00 |w 2022-07-15 |y ARXIU | ||
| 999 | |c 82283 |d 82283 | ||